Mots cachés n°2 - Statistiques

Statistiques générales
  • Ce quiz a été pris 633 fois
  • Le résultat moyen est 24 sur 25
Statistiques - réponses
Question Tuile Select % Correct
arbre, quoi et dire. C Non
100%
arbre, quoi et dire. G Non
100%
arbre, quoi et dire. S Non
100%
arbre, quoi et dire. T Non
100%
arbre, quoi et dire. X Non
100%
arbre, quoi et dire. Y Non
100%
arbre, quoi et dire. M Non
99%
arbre, quoi et dire. L Non
98%
arbre, quoi et dire. A Oui
96%
arbre, quoi et dire. B Non
96%
arbre, quoi et dire. R Oui
95%
arbre, quoi et dire. U Oui
95%
arbre, quoi et dire. E Oui
94%
arbre, quoi et dire. O Oui
94%
arbre, quoi et dire. Q Non
94%
arbre, quoi et dire. R Oui
94%
arbre, quoi et dire. B Non
93%
arbre, quoi et dire. E Oui
93%
arbre, quoi et dire. I Oui
93%
arbre, quoi et dire. Q Oui
93%
arbre, quoi et dire. D Non
92%
arbre, quoi et dire. I Oui
92%
arbre, quoi et dire. R Oui
92%
arbre, quoi et dire. B Oui
89%
arbre, quoi et dire. D Oui
89%
Aucun quiz correspondant
Distribution des résultats
% des personnes avec chaque résultat
Percentile par nombre de réponses
Votre historique - résultats
Vous n’avez pas pris ce quiz